000
00281nam a22001217a 4500
999
_c
152819
_d
152819
082
_a
_b
100
_a
Henry Cousens
245
_a
Indian historical researches (v.52)/
_c
by Henry Cousens.
260
_a
New Delhi:
_b
Cosmo,
_c
1917.
300
_a
155p.
650
_a
942
_c
BK